Piosenki zespołu Power Play - nagła śmierć - Statystyki

Ogólne statystyki
  • Ten quiz został rozwiązany 21 razy
  • Średni wynik to 5 z 6
Answers on the Grid
Answers color-coded by a green-red scale on the quiz's grid according to % correct below.
Lubisz to, lubisz
Szminki róż
To co chciałbym Ci dać
Skok w bok
Kochaj mnie
Lejde
Najpiękne
Zawsze coś (oj tam oj tam)
Wszystko ma swój czas
Co ma być to będzie
Buzi to nie grzech
Niewiara
 
Statystyki odpowiedzi
Odpowiedź % Poprawnych
Lubisz to, lubisz
87%
Zawsze coś (oj tam oj tam)
87%
Co ma być to będzie
80%
Skok w bok
80%
Kochaj mnie
67%
Najpiękne
67%
Nie znaleziono quizów pasujących do podanych kryteriów
Rozkład punktacji
Procent ludzi z każdym wynikiem
Percentyl według liczby udzielonych odpowiedzi
Twoja historia wyników
Nie rozwiązałeś tego quizu